MARC

LEADER 00000nam2a2200000 4500
001 323326
005 20231102003547.0
035 |a (RuTPU)RU\TPU\book\348910 
035 |a RU\TPU\book\313480 
090 |a 323326 
100 |a 20161017d1954 k y0rusy50 ca 
101 0 |a rus 
102 |a RU 
105 |a a g 001zy 
200 0 |a Т. 2 
210 |d 1954 
215 |a 783 с.  |c ил.  |e 2 л. черт., 1 л. граф. 
320 |a Библиография в конце глав 
320 |a Предметный указатель: с. 772-782 
461 1 |0 (RuTPU)RU\TPU\book\313472  |t Справочник теплотехника предприятий черной металлургии  |o в [3 т.]  |f под ред. И. Г. Тихомирова  |v Т. 2  |d 1953- 
606 1 |a Теплотехника общая  |2 stltpush  |3 (RuTPU)RU\TPU\subj\59808  |9 77306 
606 1 |a Металлургическая теплотехника  |x В черной металлургии  |2 stltpush  |3 (RuTPU)RU\TPU\subj\42723  |9 62380 
610 1 |a черная металлургия 
610 1 |a предприятия 
610 1 |a теплотехника 
610 1 |a котельные установки 
610 1 |a справочники 
610 1 |a паротурбинные установки 
610 1 |a термодинамика 
610 1 |a экономичность 
610 1 |a параметры 
610 1 |a мощности 
610 1 |a конденсационные устройства 
610 1 |a насосы 
610 1 |a эжекторы 
610 1 |a технические данные 
610 1 |a конденсаторы 
610 1 |a деаэрация 
610 1 |a ремонт 
610 1 |a наладка 
610 1 |a эксплуатация 
610 1 |a нагнетатели 
610 1 |a компрессоры 
610 1 |a трубопроводы 
675 |a 621.1(035)  |v 4 
675 |a 669.1.04(035)  |v 4 
801 1 |a RU  |b 63413507  |c 20150330 
801 2 |a RU  |b 63413507  |c 20171124  |g RCR 
942 |c BK